Queen Elizabeth II - Statistics

General Stats
  • This quiz has been taken 238 times
    90 since last reset
  • The average score is 14 of 18
Answer Stats
Hint Answer % Correct
How many children did the Queen have? (Word) Four
97%
In what year was Elizabeth's coronation? 1953
94%
What is the name of the Queens only daughter? Anne
93%
What was her mother's first name? Elizabeth
91%
In which year did her husband Philip die? 2021
90%
In which year was the Queen born? 1926
89%
Who was Prime Minister when the Queen came to the throne? Winston Churchill
87%
What was the name of the Queen's younger sister? Margaret
86%
How many years did she spend as Queen? (Word) Seventy
81%
In which year did the Queens mother die? 2002
79%
In which Royal palace did she die? Balmoral
77%
In her Platinum Jubilee film who did she have tea with? Paddington
77%
Who was the Queens father? George VI
73%
In which year was the Queen's first child born? 1948
70%
In which country was the Queen when she found out her Father had died? Kenya
70%
In which year was her Silver Jubilee? 1977
56%
What is the name of the Queens first grandson? Peter
54%
In which London building did the Queen lay in state? Westminster Hall
19%
No matching quizzes found
Score Distribution
Percent of People with Each Score
Percentile by Number Answered
Your Score History
You have not taken this quiz since the last reset